Food sovereignty, agroecology and biocultural diversity : (Record no. 496)
[ view plain ]
| 000 -LEADER | |
|---|---|
| fixed length control field | 02385nam a22003737a 4500 |
| 001 - CONTROL NUMBER | |
| control field | 19866383 |
| 005 - DATE AND TIME OF LATEST TRANSACTION | |
| control field | 20230728082241.0 |
| 008 - FIXED-LENGTH DATA ELEMENTS--GENERAL INFORMATION | |
| fixed length control field | 230727b |||||||| |||| 00| 0 eng d |
| 010 ## - LIBRARY OF CONGRESS CONTROL NUMBER | |
| LC control number | 2017023449 |
| 020 ## - INTERNATIONAL STANDARD BOOK NUMBER | |
| International Standard Book Number | 9781138955356 (hardback) |
| 020 ## - INTERNATIONAL STANDARD BOOK NUMBER | |
| International Standard Book Number | 1138955353 (hardback) |
| 020 ## - INTERNATIONAL STANDARD BOOK NUMBER | |
| International Standard Book Number | 9781138955363 (pbk.) |
| 020 ## - INTERNATIONAL STANDARD BOOK NUMBER | |
| Canceled/invalid ISBN | 9781315666396 (ebook) |
| 040 ## - CATALOGING SOURCE | |
| Original cataloging agency | DLC |
| Language of cataloging | eng |
| Transcribing agency | DLC |
| Description conventions | rda |
| Modifying agency | DLC |
| 042 ## - AUTHENTICATION CODE | |
| Authentication code | pcc |
| 050 00 - LIBRARY OF CONGRESS CALL NUMBER | |
| Classification number | S494.5.A43 Foo |
| 245 00 - TITLE STATEMENT | |
| Title | Food sovereignty, agroecology and biocultural diversity : |
| Remainder of title | constructing and contesting knowledge / |
| Statement of responsibility, etc. | edited by Michel Pimbert. |
| 264 #1 - PRODUCTION, PUBLICATION, DISTRIBUTION, MANUFACTURE, AND COPYRIGHT NOTICE | |
| Place of production, publication, distribution, manufacture | London ; |
| -- | New York : |
| Name of producer, publisher, distributor, manufacturer | Routledge, Taylor & Francis Group, |
| Date of production, publication, distribution, manufacture, or copyright notice | 2018. |
| 300 ## - PHYSICAL DESCRIPTION | |
| Extent | xix, 337 pages : |
| Other physical details | illustrations ; |
| Dimensions | 25 cm. |
| 336 ## - CONTENT TYPE | |
| Content type term | text |
| Content type code | txt |
| Source | rdacontent |
| 337 ## - MEDIA TYPE | |
| Media type term | unmediated |
| Media type code | n |
| Source | rdamedia |
| 338 ## - CARRIER TYPE | |
| Carrier type term | volume |
| Carrier type code | nc |
| Source | rdacarrier |
| 490 0# - SERIES STATEMENT | |
| Series statement | Routledge studies in food, society and the environment |
| 500 ## - GENERAL NOTE | |
| General note | "Earthscan from Routledge"--Front cover. |
| 504 ## - BIBLIOGRAPHY, ETC. NOTE | |
| Bibliography, etc. note | Includes bibliographical references and index. |
| 505 0# - FORMATTED CONTENTS NOTE | |
| Formatted contents note | Acknowledgements -- Constructing knowledge for food sovereignty, agroecology and biocultural diversity : an overview / Michel P. Pimbert -- How agricultural research systems shape a technological regime that develops genetic engineering but locks out agroecological innovations / Gaƫtan Vanloqueren and Philippe V. Baret -- Sustainability science and "ignorance-based" management for a resilient future / Steve L. Light and Kristen Blann -- On non-equilibrium and nomadism : knowledge, diversity and global modernity in drylands / Sian Sullivan and Katherine Homewood -- Sub-Saharan Africa, Kenya and the Malthusian paradigm in contemporary development thinking / Eric B. Ross -- Plants that speak and institutions that don't listen : notes on the protection of traditional knowledge / Nina Isabella Moeller -- Economics : the limitations of a special case / Gilbert Rist -- Democratizing knowledge and ways of knowing for food sovereignty, agroecology, and biocultural diversity / Michel P. Pimbert. |
| 650 #0 - SUBJECT ADDED ENTRY--TOPICAL TERM | |
| Topical term or geographic name entry element | Agrobiodiversity. |
| 650 #0 - SUBJECT ADDED ENTRY--TOPICAL TERM | |
| Topical term or geographic name entry element | Sustainable development. |
| 650 #0 - SUBJECT ADDED ENTRY--TOPICAL TERM | |
| Topical term or geographic name entry element | Food supply. |
| 700 1# - ADDED ENTRY--PERSONAL NAME | |
| Personal name | Pimbert, Michel P., |
| Relator term | editor. |
| 906 ## - LOCAL DATA ELEMENT F, LDF (RLIN) | |
| a | 7 |
| b | cbc |
| c | orignew |
| d | 1 |
| e | ecip |
| f | 20 |
| g | y-gencatlg |
| 942 ## - ADDED ENTRY ELEMENTS (KOHA) | |
| Source of classification or shelving scheme | Library of Congress Classification |
| Koha item type | Non-Fiction |
| Suppress in OPAC | No |
| Withdrawn status | Lost status | Source of classification or shelving scheme | Damaged status | Not for loan | Collection | Home library | Current library | Shelving location | Date acquired | Source of acquisition | Total Checkouts | Full call number | Barcode | Date last seen | Price effective from | Koha item type |
|---|---|---|---|---|---|---|---|---|---|---|---|---|---|---|---|---|
| Library of Congress Classification | Non-fiction | Kapasa Makasa University | Kapasa Makasa University | Open Access | 27.07.2023 | Book International Aid | S 494.5.A43 Foo | 748390 | 27.07.2023 | 27.07.2023 | Non-Fiction | |||||
| Library of Congress Classification | Non-fiction | Kapasa Makasa University | Kapasa Makasa University | Open Access | 28.07.2023 | Book International Aid | S 494.5.A43 Foo | 748387 | 28.07.2023 | 28.07.2023 | Non-Fiction | |||||
| Library of Congress Classification | Non-fiction | Kapasa Makasa University | Kapasa Makasa University | Open Access | 28.07.2023 | Book International Aid | S 494.5.A43 Foo | 748389 | 28.07.2023 | 28.07.2023 | Non-Fiction | |||||
| Library of Congress Classification | Non-fiction | Kapasa Makasa University | Kapasa Makasa University | Open Access | 28.07.2023 | Book International Aid | S 494.5.A43 Foo | 748388 | 28.07.2023 | 28.07.2023 | Non-Fiction |